000 00749nam a2200229 a 4500
001 000004300
005 20240530073910.0
008 090721s2008 dr 000 f spa d
020 _a9789945161731
040 _aDO-SdBNP
_bspa
_cBNPHU
082 _aRD863.44
_bU37d
100 1 _aUlerio, Hilda,
_d1951-
_912697
245 1 0 _aDel vientre al fango /
_cHilda Ulerio.
260 _aSanto Domingo :
_bBúho,
_c2008.
300 _a197 p. ;
_c22 cm.
500 _aIncluye datos biográficos de la autora en la solapa de la cubierta
590 _aInventariado, 2019/MFF
650 0 _aNovela dominicana
_9223
650 0 _aLiteratura dominicana.
_967
700 1 _aJimenez Ulerio, Juan Manuel
_eprefacio
_912698
910 _aValidado. Controd de calidad MFF
999 _c4109
_d4109